Statistics for My Favorite U.S. Skylines

Click here to take the quiz!

General Stats

  • This quiz has been taken 72 times
  • The average score is 13 of 16

Answer Stats

Answer% Correct
Chicago
100%
New York City
100%
San Francisco
97%
Los Angeles
95%
Philadelphia
92%
Boston
90%
Dallas
90%
Phoenix
90%
Seattle
90%
Houston
88%
Miami
83%
Portland
83%
Pittsburgh
81%
Atlanta
80%
Charlotte
64%
Bellevue
5%

Score Distribution

Percentile by Number Answered

Percent of People with Each Score

Your Score History

You have not taken this quiz